Decision of the Office of Fair Trading no. CA98/02/2009 (Record no. 81989)

MARC details
000 -LEADER
fixed length control field 01753cad a22002415a 4500
001 - CONTROL NUMBER
control field L148886
008 - FIXED-LENGTH DATA ELEMENTS--GENERAL INFORMATION
fixed length control field 091123e20090921xxk f 000 0 eng d
035 ## - SYSTEM CONTROL NUMBER
System control number (Sirsi) u148886
041 0# - LANGUAGE CODE
Language code of text/sound track or separate title eng
050 ## - LIBRARY OF CONGRESS CALL NUMBER
Classification number 692.8 $2 18
110 2# - MAIN ENTRY--CORPORATE NAME
Corporate name or jurisdiction name as entry element Office of Fair Trading
9 (RLIN) 1355
245 00 - TITLE STATEMENT
Title Decision of the Office of Fair Trading no. CA98/02/2009
Remainder of title bid-rigging in the construction industry in England (Case CE/4327-04), 21 September 2009
Medium [electronic resource]
260 ## - PUBLICATION, DISTRIBUTION, ETC.
Place of publication, distribution, etc. London
Name of publisher, distributor, etc. OFT
Date of publication, distribution, etc. 2009
490 ## - SERIES STATEMENT
Series statement OFT Decision
Volume/sequential designation (CA98/02/2009)
505 ## - FORMATTED CONTENTS NOTE
Formatted contents note Introduction -- Factual background -- Legal background -- The conduct of the parties -- Legal assessment -- Enforcement -- Annex A: Navigation table -- Annex B: List of markets affected by each of the infringements -- Annex C: List of parties whose Company Directors the OFT considers were involved in one or more of the infringements -- Annex D: Annexes to definition of relevant markets
520 ## - SUMMARY, ETC.
Summary, etc. Presents the full decision of the Office of Fair Trading on bid-rigging in the construction industry in England. Reports that the Office of Fair Trading has imposed fines on 103 construction firms for illegal bid-rigging following one of its largest Competition Act investigations. Accompanying documents on the web page include: a table of infringements; an information note to procuring entities in the public and private sectors; and a table of parties and fines.
590 ## - LOCAL NOTE (RLIN)
Local note KA NTK
650 24 - SUBJECT ADDED ENTRY--TOPICAL TERM
Topical term or geographic name entry element COMPETITION ACT 1998
651 #4 - SUBJECT ADDED ENTRY--GEOGRAPHIC NAME
Geographic name England
Chronological subdivision 886-
690 ## - LOCAL SUBJECT ADDED ENTRY--TOPICAL TERM (OCLC, RLIN)
Topical term or geographic name as entry element MANAGEMENT-BUSINESS MANAGEMENT-PROFESSIONAL PRACTICE
856 40 - ELECTRONIC LOCATION AND ACCESS
Uniform Resource Identifier <a href="https://www.oft.gov.uk/advice_and_resources/resource_base/ca98/decisions/bid_rigging_construction">https://www.oft.gov.uk/advice_and_resources/resource_base/ca98/decisions/bid_rigging_construction</a>
Public note View the decision free of charge at www.oft.gov.uk...
942 ## - ADDED ENTRY ELEMENTS (KOHA)
Suppress in OPAC 0
Holdings
Withdrawn status Lost status Source of classification or shelving scheme Damaged status Not for loan Home library Current library Shelving location Date acquired Total Checkouts Full call number Barcode Date last seen Copy number Price effective from Koha item type
    Dewey Decimal Classification     Virtual Virtual Online 23/11/2009   ONLINE PUBLICATION 148886-2001 06/08/2019 1 06/08/2019 Book